Casos de lepra multibacilar en pacientes con menos de cinco lesiones reportados entre el 1999-2005 : (Registro nro. 58766)
[ vista simple ]
| 000 -CABECERA | |
|---|---|
| campo de control de longitud fija | 01827nab a2200277 a 4500 |
| 003 - IDENTIFICADOR DEL NÚMERO DE CONTROL | |
| campo de control | DO-SdBNP |
| 005 - FECHA Y HORA DE LA ÚLTIMA TRANSACCIÓN | |
| campo de control | 20250423154227.0 |
| 007 - CAMPO FIJO DE DESCRIPCIÓN FÍSICA--INFORMACIÓN GENERAL | |
| campo de control de longitud fija | ta |
| 008 - DATOS DE LONGITUD FIJA--INFORMACIÓN GENERAL | |
| campo de control de longitud fija | 250423e2005 dr fu|||r||||||0| 0 spa d |
| 022 ## - NÚMERO INTERNACIONAL NORMALIZADO PARA PUBLICACIONES SERIADAS | |
| Número Internacional Normalizado para Publicaciones Seriadas | 0557-7659 |
| 040 ## - FUENTE DE LA CATALOGACIÓN | |
| Centro catalogador/agencia de origen | DO-SdBNP |
| Lengua de catalogación | spa |
| Centro/agencia transcriptor | BNPHU |
| Normas de descripción | rda |
| 041 ## - CÓDIGO DE LENGUA | |
| Código de lengua original | spa |
| 245 ## - MENCIÓN DE TÍTULO | |
| Título | Casos de lepra multibacilar en pacientes con menos de cinco lesiones reportados entre el 1999-2005 : |
| Resto del título | en la unidad central del Distrito Nacional dentro del programa de lucha contra la Lepra que se ejecuta el IDCP-DHBD / |
| Mención de responsabilidad, etc. | Instituto Dermatológico. |
| 264 ## - PRODUCCIÓN, PUBLICACIÓN, DISTRIBUCIÓN, FABRICACIÓN Y COPYRIGHT | |
| Producción, publicación, distribución, fabricación y copyright | Santo Domingo, República Dominicana : |
| Nombre del de productor, editor, distribuidor, fabricante | Instituto Dermatológico, Asociación Dominicana de Dermatología, Venereología y Leprología, |
| Fecha de producción, publicación, distribución, fabricación o copyright | 2005. |
| 300 ## - DESCRIPCIÓN FÍSICA | |
| Extensión | páginas. 57-63. |
| 336 ## - TIPO DE CONTENIDO | |
| Término de tipo de contenido | texto |
| Código de tipo de contenido | txt |
| Fuente | rdacontent |
| 337 ## - TIPO DE MEDIO | |
| Nombre/término del tipo de medio | sin mediación |
| Código del tipo de medio | n |
| Fuente | rdamedia |
| 338 ## - TIPO DE SOPORTE | |
| Nombre/término del tipo de soporte | volumen |
| Código del tipo de soporte | nc |
| Fuente | rdacarrier |
| 362 ## - FECHAS DE PUBLICACIÓN Y/O DESIGNACIÓN SECUENCIAL | |
| Fecha de publicación y/o designación secuencial | 32 (2) : jul-dic, 2005, p. 57-63. |
| 521 ## - NOTA DE PÚBLICO DESTINATARIO | |
| Nota de público destinatario | La Organizacion Mundial de la Salud recomienda como criterio para clasificar los casos de lepra en multibacilares / paucibilares, y el conteo del número de lesiones cuando la baciloscopia no está disponible o no es confiable. Este estudio, realizado en la unidad de lepra del Distrito Nacional del Programa Control de Lepra ejecutado por el IDCP-DHBC, analiza las características de 67 casos nuevos con 5 o menos lesiones que fueron tratadas como multibacilares, en el período 1999-2005. Palabras Clave: Lepra. Lepra multibacilar. Programa de control. |
| 650 #0 - PUNTO DE ACCESO ADICIONAL DE MATERIA--TÉRMINO DE MATERIA | |
| Término de materia o nombre geográfico como elemento de entrada | Lepra |
| Subdivisión de forma | Publicaciones periódicas |
| Subdivisión geográfica | República Dominicana |
| 9 (RLIN) | 82179 |
| 650 #0 - PUNTO DE ACCESO ADICIONAL DE MATERIA--TÉRMINO DE MATERIA | |
| Término de materia o nombre geográfico como elemento de entrada | Lepra multibacilar |
| Subdivisión de forma | Publicaciones periódicas |
| Subdivisión geográfica | República Dominicana |
| 9 (RLIN) | 87506 |
| 650 #0 - PUNTO DE ACCESO ADICIONAL DE MATERIA--TÉRMINO DE MATERIA | |
| Término de materia o nombre geográfico como elemento de entrada | Programa de control |
| Subdivisión de forma | Publicaciones periódicas |
| 9 (RLIN) | 87507 |
| 773 0# - ENLACE AL DOCUMENTO FUENTE/ENTRADA DE REGISTRO ANFITRIÓN | |
| Número bibliográfico anfitrión | 58756 |
| Número de ítem anfitrión | 323219 |
| Otro identificador del documento | 2025-3542 |
| Título | Revista dominicana de dermatología / |
| Número Internacional Normalizado para Publicaciones Seriadas | 0557-7659 |
| 942 ## - ELEMENTOS DE PUNTO DE ACCESO ADICIONAL (KOHA) | |
| Fuente del sistema de clasificación o colocación | Dewey Decimal Classification |
| Tipo de ítem Koha | Publicación periódica |
No hay ítems disponibles.
